Súčasné hospodárske vzťahy medzi MERCOSURom a Európskou úniou a ich budúca perspektíva bakalárska práca

Saved in:
Bibliographic Details
Main Author: Sarango, David Sebastian
Corporate Author: Fakulta medzinárodných vzťahov EU. Katedra medzinárodných ekonomických vzťahov a hospodárskej diplomacie
Other Authors: Bittmannová, Bianka
Format: Book
Language:Slovak
Published: Bratislava 2017
Tags: Add Tag
No Tags, Be the first to tag this record!

MARC

LEADER 00000nbm a2200000 4500
001 0232083
005 20180221152646.6
041 0 |a slo 
044 |a SK 
245 1 0 |a Súčasné hospodárske vzťahy medzi MERCOSURom a Európskou úniou a ich budúca perspektíva  |b bakalárska práca  |c David Sebastian Sarango ; školiteľ: Bianka Bittmannová 
264 1 |a Bratislava  |c 2017 
300 |a 39 s. 
100 1 |a Sarango, David Sebastian 
700 1 |a Bittmannová, Bianka 
710 2 |a Fakulta medzinárodných vzťahov EU. Katedra medzinárodných ekonomických vzťahov a hospodárskej diplomacie